[Event "Esfahan Zenderood op 3rd"]
[Site "Esfahan"]
[Date "2011.09.05"]
[Round "6"]
[White "Javanbakht, Nima"]
[Black "Baghirov, Ramis Mammadkhan"]
[Result "1/2-1/2"]
[WhiteElo "2311"]
[BlackElo "1973"]
[PlyCount "129"]
[EventDate "2011.09.02"]
[EventType "swiss"]
[EventRounds "9"]
[EventCountry "IRI"]
[SourceTitle "CBM 144 Extra"]
[Source "ChessBase"]
[SourceDate "2011.10.28"]
[SourceVersion "1"]
[SourceVersionDate "2011.10.28"]
[SourceQuality "1"]

1. d4 d5 2. c4 e6 3. Nc3 c6 4. e4 dxe4 5. Nxe4 Nf6 6. Nc3 Bb4 7. Nf3 Ne4 8. Qc2 Qa5 9. Qxe4 Bxc3+ 10. Nd2 Bb4 11. Bd3 Nd7 12. a3 Nf6 13. Qe2 Bd6 14. 0-0 Qc7 15. Nf3 Bf4 16. Be3 0-0 17. g3 Bd6 18. Bg5 Be7 19. Rad1 h6 20. Bf4 Bd6 21. Ne5 c5 22. dxc5 Qxc5 23. b4 Qc7 24. c5 Bxe5 25. Bxe5 Qc6 26. Rfe1 a6 27. Bxf6 gxf6 28. Qg4+ Kh8 29. Qh5 Kg7 30. Re4 f5 31. Rh4 Rh8 32. g4 Qf3 33. gxf5 Qxh5 34. Rxh5 Rd8 35. f6+ Kxf6 36. Rxh6+ Ke7 37. Be2 Rxd1+ 38. Bxd1 Bd7 39. Bf3 Bc6 40. Bxc6 bxc6 41. Rh3 a5 42. Rb3 Rb8 43. Kg2 e5 44. h4 Ke6 45. Kg3 f5 46. h5 Kf6 47. Kh4 e4 48. Rg3 axb4 49. Rg6+ Ke5 50. axb4 Rxb4 51. Kg5 Rb2 52. Rxc6 Rxf2 53. h6 Rg2+ 54. Kh5 e3 55. h7 Rh2+ 56. Kg6 f4 57. Rc8 f3 58. Re8+ Kd4 59. c6 f2 60. Rf8 Rxh7 61. Kxh7 e2 62. c7 f1Q 63. Rd8+ Ke3 64. Re8+ Kd2 65. Rxe2+ 1/2-1/2

[Event "Esfahan Zenderood op 3rd"]
[Site "Esfahan"]
[Date "2011.09.03"]
[Round "2"]
[White "Rasulov, Vugar Ural Oglu"]
[Black "Baghirov, Ramis Mammadkhan"]
[Result "1-0"]
[WhiteElo "2523"]
[BlackElo "1973"]
[PlyCount "97"]
[EventDate "2011.09.02"]
[EventType "swiss"]
[EventRounds "9"]
[EventCountry "IRI"]
[SourceTitle "CBM 144 Extra"]
[Source "ChessBase"]
[SourceDate "2011.10.28"]
[SourceVersion "1"]
[SourceVersionDate "2011.10.28"]
[SourceQuality "1"]

1. e4 c5 2. Nf3 d6 3. d4 cxd4 4. Nxd4 Nf6 5. Nc3 a6 6. Bg5 e6 7. Qf3 Be7 8. 0-0-0 Qc7 9. Be2 Nbd7 10. Qg3 b5 11. Bxf6 Bxf6 12. Bxb5 0-0 13. Be2 Nb6 14. Nb3 Rd8 15. Rd2 Bb7 16. Rhd1 Be5 17. f4 Bf6 18. Na5 Na4 19. e5 dxe5 20. Rxd8+ Bxd8 21. Nxb7 Nxc3 22. Qxc3 Qxb7 23. Qd3 Qb6 24. fxe5 Bg5+ 25. Kb1 Rd8 26. Qf3 Rxd1+ 27. Bxd1 g6 28. g3 Qd4 29. Qe2 a5 30. c3 Qc5 31. a4 Bh6 32. Ka2 Bg7 33. Qb5 Qc7 34. c4 Bxe5 35. c5 Bd4 36. c6 Bb6 37. Bf3 Kg7 38. Qa6 f5 39. Qa8 Qf7 40. Bd1 Bc7 41. b4 Qe7 42. bxa5 Qd6 43. Qb7 Qd2+ 44. Qb2+ Qxb2+ 45. Kxb2 Bxa5 46. Kb3 Kf6 47. Kc4 Ke7 48. Kb5 Bc7 49. a5 1-0